[Event "Enniscrone Sligo Winter op"]
[Site "Enniscrone"]
[Date "2024.02.03"]
[Round "?"]
[White "Kavanagh, James"]
[Black "Gubanov, Oleg"]
[Result "0-1"]
[WhiteElo "1797"]
[BlackElo "2285"]
[PlyCount "82"]
[EventDate "2024.02.02"]
[EventType "swiss"]
[EventRounds "5"]
[EventCountry "IRL"]
[SourceTitle "CB07_2024"]
[SourceDate "2024.02.14"]
[SourceVersion "1"]
[SourceVersionDate "2024.02.14"]
[SourceQuality "1"]

1. e4 e5 2. Nf3 Nc6 3. d4 exd4 4. Bc4 Nf6 5. e5 d5 6. Bb5 Ne4 7. Nxd4 Bd7 8. Bxc6 bxc6 9. 0-0 Be7 10. f3 Nc5 11. f4 Ne4 12. Nd2 Nxd2 13. Qxd2 c5 14. Ne2 Bc6 15. f5 Qd7 16. f6 gxf6 17. exf6 Bd6 18. Qe3+ Kd8 19. Nf4 d4 20. Qh3 Qxh3 21. Nxh3 Rg8 22. Rf2 Rg6 23. Ng5 Bd5 24. Bd2 Kd7 25. Re1 Rag8 26. Ne4 Rg4 27. Nxd6 Rxg2+ 28. Rxg2 Rxg2+ 29. Kf1 cxd6 30. Ba5 Rxc2 31. Re7+ Kc6 32. a4 Bc4+ 33. Ke1 Rxb2 34. Rc7+ Kd5 35. Rxf7 Ke6 36. Rxa7 Kxf6 37. Rxh7 Ke5 38. Re7+ Kd5 39. h4 Rh2 40. Rh7 Bb3 41. Bc7 d3 0-1

[Event "Dublin-ch Final Weekender 100th"]
[Site "Dublin"]
[Date "2021.08.22"]
[Round "5"]
[White "Liu, Jason"]
[Black "Kavanagh, James"]
[Result "0-1"]
[WhiteElo "913"]
[BlackElo "1719"]
[PlyCount "80"]
[EventDate "2021.08.20"]
[EventType "swiss"]
[EventRounds "5"]
[EventCountry "IRL"]
[SourceTitle "CBM 204 Extra"]
[Source "ChessBase"]
[SourceDate "2021.11.30"]
[SourceVersion "1"]
[SourceVersionDate "2021.11.30"]
[SourceQuality "1"]

1. e4 c6 2. d4 d5 3. exd5 cxd5 4. Bd3 Nc6 5. c3 Nf6 6. h3 e5 7. dxe5 Nxe5 8. Nf3 Nxd3+ 9. Qxd3 Be7 10. Be3 0-0 11. Nbd2 a6 12. 0-0 Bd7 13. Nd4 Qc8 14. Rfe1 Bd6 15. Bg5 Nh5 16. Qf3 g6 17. Bh6 Rd8 18. g4 Ng7 19. Qf6 Bf8 20. Re7 Be8 21. Re3 Nh5 22. gxh5 Bxh6 23. hxg6 hxg6 24. Rg3 Bg7 25. Qg5 Bd7 26. h4 Bxd4 27. cxd4 Bf5 28. Kh2 Re8 29. Nf3 Qc2 30. Rag1 Re2 31. R1g2 Rxf2 32. Qh6 Be4 33. Qf4 Qe2 34. Kh3 Rxg2 35. Rxg2 Qxf3+ 36. Qxf3 Bxf3 37. Rf2 Be4 38. Kg4 Kg7 39. Kg5 Bf5 40. h5 Rh8 0-1

[Event "IRL-ch U16"]
[Site "Dublin"]
[Date "2019.04.14"]
[Round "6"]
[White "Kavanagh, James"]
[Black "McKay, Jonathan"]
[Result "1/2-1/2"]
[WhiteElo "1442"]
[BlackElo "1550"]
[PlyCount "73"]
[EventDate "2019.04.12"]
[EventType "swiss"]
[EventRounds "6"]
[EventCountry "IRL"]
[SourceTitle "EXT 2021"]
[Source "ChessBase"]
[SourceDate "2020.10.23"]
[SourceVersion "1"]
[SourceVersionDate "2020.10.23"]
[SourceQuality "1"]

1. Nf3 Nf6 2. b3 g6 3. Bb2 Bg7 4. c4 0-0 5. Nc3 d6 6. e3 e5 7. d4 exd4 8. exd4 Re8+ 9. Be2 Bf5 10. 0-0 Ne4 11. Nxe4 Bxe4 12. Nd2 Bf5 13. Bg4 Bxg4 14. Qxg4 Qe7 15. Nf3 Nc6 16. Rfe1 Qf8 17. h4 h5 18. Qf4 Rxe1+ 19. Rxe1 Re8 20. Qd2 Re7 21. Kf1 Qe8 22. Rxe7 Qxe7 23. d5 Ne5 24. Qe3 a6 25. Ng5 Qd7 26. Qd4 Qf5 27. f4 Qd3+ 28. Qxd3 Nxd3 29. Bxg7 Kxg7 30. g3 Nc1 31. Ne4 Nxa2 32. c5 dxc5 33. Nxc5 Nb4 34. Nxb7 Nxd5 35. Nc5 Nb4 36. Ke2 Kf6 37. Ke3 1/2-1/2

[Event "IRL-ch U16"]
[Site "Dublin"]
[Date "2019.04.13"]
[Round "2"]
[White "Kavanagh, James"]
[Black "Duero, Liam"]
[Result "0-1"]
[WhiteElo "1442"]
[BlackElo "1870"]
[PlyCount "66"]
[EventDate "2019.04.12"]
[EventType "swiss"]
[EventRounds "6"]
[EventCountry "IRL"]
[SourceTitle "EXT 2021"]
[Source "ChessBase"]
[SourceDate "2020.10.23"]
[SourceVersion "1"]
[SourceVersionDate "2020.10.23"]
[SourceQuality "1"]

1. d4 d5 2. Bf4 Nf6 3. e3 c5 4. c3 Nc6 5. Nd2 Bf5 6. Ngf3 e6 7. Ne5 Nxe5 8. dxe5 Nd7 9. Nf3 Be7 10. Bd3 Bxd3 11. Qxd3 c4 12. Qc2 Nc5 13. 0-0 0-0 14. Rad1 Qb6 15. Nd4 Rac8 16. Qe2 f5 17. Kh1 Kh8 18. h3 Rc7 19. Rg1 g5 20. Bh2 Nd3 21. Rd2 Bc5 22. Qh5 Rg7 23. Qh6 Rg6 24. Qh5 f4 25. b4 Bxd4 26. exd4 Rf5 27. Qe2 a5 28. a3 a4 29. Qd1 Qa7 30. Re1 Nxe1 31. Qxe1 g4 32. hxg4 Rxg4 33. b5 Rh4 0-1